UM Logo

Relational reasoning's contributions to mathematical thinking and performance in chinese elementary and middle-school students / (Record no. 24033)

MARC details
000 -LEADER
fixed length control field 00915nam a22002057a 4500
003 - CONTROL NUMBER IDENTIFIER
control field OSt
005 - DATE AND TIME OF LATEST TRANSACTION
control field 20251008191332.0
008 - FIXED-LENGTH DATA ELEMENTS--GENERAL INFORMATION
fixed length control field 251008b |||||||| |||| 00| 0 eng d
040 ## - CATALOGING SOURCE
Transcribing agency 0
082 ## - DEWEY DECIMAL CLASSIFICATION NUMBER
Classification number DPer 370.15 J826 January-February 2021 v. 113 n. 1-2
100 ## - MAIN ENTRY--PERSONAL NAME
Personal name Zhao, Hongyang.
Relator term author.
9 (RLIN) 68770
245 ## - TITLE STATEMENT
Title Relational reasoning's contributions to mathematical thinking and performance in chinese elementary and middle-school students /
Statement of responsibility, etc. Hongyang Zhao, Patricia A. Alexander, and Yuting Sun.
260 ## - PUBLICATION, DISTRIBUTION, ETC. (IMPRINT)
Place of publication, distribution, etc. Washington, DC ;
Name of publisher, distributor, etc. American Psychological Association ,
Date of publication, distribution, etc. February 2021.
300 ## - PHYSICAL DESCRIPTION
Extent Volume 113, pages 279-303 ;
Other physical details illustration ;
Dimensions 28 cm.
500 ## - GENERAL NOTE
General note Journal of Educational Psychology, vol. 113, no. 2, pages 279-303, February 2021.
700 ## - ADDED ENTRY--PERSONAL NAME
Personal name Zhao, Hongyang.
Relator term author.
9 (RLIN) 68770
710 ## - ADDED ENTRY--CORPORATE NAME
Corporate name or jurisdiction name as entry element Alexander, Patricia A.
Relator term author.
9 (RLIN) 68771
711 ## - ADDED ENTRY--MEETING NAME
Meeting name or jurisdiction name as entry element Sun, Yuting.
Relator term author.
9 (RLIN) 68772
942 ## - ADDED ENTRY ELEMENTS (KOHA)
Source of classification or shelving scheme Dewey Decimal Classification
Koha item type Periodicals
Holdings
Withdrawn status Lost status Source of classification or shelving scheme Damaged status Not for loan Collection code Home library Current library Date acquired Total Checkouts Full call number Date last seen Price effective from Koha item type Public note
    Dewey Decimal Classification     Periodicals UM Digos College - LIC UM Digos College - LIC 10/08/2025   DPer 370.15 J826 January-February 2021 v. 113 n. 1-2 10/08/2025 10/08/2025 Periodicals Periodical Article